Statistics for Five Southernmost Countries by Continent (with a map)

Click here to take the quiz!

General Stats

  • This quiz has been taken 380 times
  • The average score is 27 of 30

Answer Stats

Hint Hint Country % Correct
431365South Africa
99%
218384Chile
99%
234373Argentina
99%
266294Brazil
98%
254.9370.2Uruguay
98%
248.9339.7Paraguay
98%
683342Australia
97%
444360.5Lesotho
96%
635.5264Indonesia
96%
776.7391.9New Zealand
96%
198232.5Panama
95%
416.4124.2Italy
93%
372127.5Spain
93%
192228Costa Rica
92%
430129Greece
92%
435336.1Botswana
92%
610.3247.2Malaysia
91%
418328Namibia
91%
412.9141.1Malta
91%
361.7127.6Portugal
91%
451.3350.1Swaziland
91%
782.9320.1Fiji
90%
188.2218.1Nicaragua
88%
242.5226.6Trinidad and Tobago
85%
664.3290.8East Timor
84%
614.2256.7Singapore
82%
798.1328.7Tonga
81%
755.5318.6Vanuatu
81%
545.9248.9Maldives
78%
241.6220.6Grenada
75%

Score Distribution

Percentile by Number Answered

Percent of People with Each Score

Your Score History

You have not taken this quiz